000
00302nam a2200121Ia 4500
005
20251222155125.0
008
251222s9999||||xx |||||||||||||| ||spa||
082
_a
MAN.101.1-2
100
_a
MINIST. DE SALUD,
245
0
_a
Instructivo A,B de crecimiento y desarrollo
264
_b
Minsa
942
_c
LIB
999
_c
38599
_d
38599